00377 a2200145 4500003000400000005001700004008004100021020001800062040000900080082001800089100002100107245005200128260004200180300000900222OSt20231122102606.0231122b |||||||| |||| 00| 0 eng d a9789383692248 coclc a582.13bEAM/M aEames, Arthur J  aMorphology of the angiosperms /cArthur J Eames aNew Delhi:bUnited bookprints,c2021. a518p